[Event "Hoogovens"]
[Site "Wijk aan Zee"]
[Date "1998.02.01"]
[Round "13"]
[White "Karpov, Anatoly"]
[Black "Kramnik, Vladimir"]
[Result "1/2-1/2"]
[WhiteElo "2735"]
[BlackElo "2790"]

1.d4 Nf6 2.c4 e6 3.Nf3 d5 4.g3 dxc4 5.Bg2 Nc6 6.Qa4 Bb4+ 7.Bd2 Bd6 8.O-O O-O
9.Qxc4 e5 10.dxe5 Nxe5 11.Nxe5 Bxe5 12.Bc3 Qe7 13.Bxe5 Qxe5 14.Nc3 c6 15.Rfd1 Be6
16.Qb4 Rab8 17.Rd2 a5 18.Qb6 Nd7 19.Qd4 Qxd4 20.Rxd4 Rfd8 21.Rad1 Kf8  1/2-1/2

[Event "Amber-rapid 7th"]
[Site "Monte Carlo"]
[Date "1998.03.17"]
[Round "5"]
[White "Kramnik, Vladimir"]
[Black "Sadler, Matthew"]
[Result "1/2-1/2"]
[WhiteElo "2790"]
[BlackElo "2650"]

1.Nf3 d5 2.d4 e6 3.c4 c5 4.cxd5 exd5 5.g3 Nc6 6.Bg2 Nf6 7.O-O Be7 8.Nc3 O-O
9.Bg5 cxd4 10.Nxd4 h6 11.Be3 Re8 12.Rc1 Bf8 13.Nb3 Be6 14.Bc5 Bxc5 15.Nxc5 Rc8
16.Nxe6 fxe6 17.e3 Qd7 18.Qa4 a6 19.Rfd1 Qf7 20.Rd2 Ne5 21.Qd1 Rf8 22.h3 Kh8
23.Rdc2 Rcd8 24.Ne2 Nc4 25.b3 Nd6 26.Nf4 Kg8 27.Qd4 Rd7 28.Nd3 Nf5 29.Qb4 Qe7
30.Qxe7 Rxe7 31.Ne5 Rfe8 32.h4 Kh7 33.Bh3 Nd6 34.Bf1 Nf7 35.Bd3+ Kg8 36.Ng6 Rd7
37.Rc7 Red8 38.Nf4 Ne5 39.Bf1 Kf7 40.Bh3 Nfg4 41.h5 Ke7 42.Kf1 Kd6 43.Rxd7+ Kxd7
44.Ke2 Re8 45.Rd1 Kd6 46.e4 Nf6 47.Bg2 Ned7 48.Kf1 Nb6 49.exd5 Nbxd5 50.Bh3 a5
51.a4 Re7 52.Bg2 Rc7 53.Bh3 Re7 54.Rd3 Re8 55.Rd1 Re7  1/2-1/2

[Event "Amber-rapid 7th"]
[Site "Monte Carlo"]
[Date "1998.03.18"]
[Round "6"]
[White "Shirov, Alexei"]
[Black "Kramnik, Vladimir"]
[Result "1/2-1/2"]
[WhiteElo "2710"]
[BlackElo "2790"]

1.e4 c5 2.Nf3 Nc6 3.d4 cxd4 4.Nxd4 Nf6 5.Nc3 e5 6.Ndb5 d6 7.Bg5 a6 8.Na3 b5
9.Nd5 Be7 10.Bxf6 Bxf6 11.c3 O-O 12.Nc2 Bg5 13.a4 bxa4 14.Rxa4 a5 15.Bc4 Rb8
16.b3 Kh8 17.O-O f5 18.exf5 Bxf5 19.Nce3 Bg6 20.Be2 Bf7 21.Nc4 Nd4 22.cxd4 Bxd5
23.dxe5 Bxc4 24.Bxc4 dxe5 25.Qe2 Qc7 26.Rfa1 Be7 27.f3 Bb4 28.Rd1 Rf4 29.Raa1 Rbf8
30.Bd5 Rd4 31.Kh1 Rd8 32.Be4 Qc3 33.Rab1 Rxd1+ 34.Rxd1 Rxd1+ 35.Qxd1 Qe1+  1/2-1/2

[Event "Amber-blind 7th"]
[Site "Monte Carlo"]
[Date "1998.03.18"]
[Round "6"]
[White "Kramnik, Vladimir"]
[Black "Shirov, Alexei"]
[Result "1/2-1/2"]
[WhiteElo "2790"]
[BlackElo "2710"]

1.Nf3 Nf6 2.c4 g6 3.Nc3 Bg7 4.e4 d6 5.d4 O-O 6.Be2 e5 7.O-O Nc6 8.d5 Ne7
9.b4 Nh5 10.Re1 f5 11.Ng5 Nf4 12.Bxf4 exf4 13.Rc1 Bf6 14.Ne6 Bxe6 15.dxe6 Bxc3
16.Rxc3 fxe4 17.Bg4 Nc6 18.Rxe4 Ne5 19.g3 g5 20.h4 Kh8 21.Qd4 fxg3 22.Rxg3 gxh4
23.Rg2 Qf6 24.Qe3 Rae8 25.f4 Nxg4 26.Rxg4 Rg8 27.Rxg8+ Rxg8+ 28.Kf2 Qb2+
29.Qe2 Qb1 30.Qe1 Qxa2+ 31.Re2 Qa3 32.Re3 Qb2+ 33.Re2 Qd4+ 34.Kf3 Qd3+ 35.Re3 Qg6
36.Qc3+ Qg7 37.f5 Qxc3 38.Rxc3 Kg7 39.c5 Kf6 40.cxd6 cxd6 41.Ke4 Rg1 42.Rc7 Re1+
43.Kf4 Rf1+ 44.Ke4 Re1+ 45.Kf4 Rf1+ 46.Ke4 Re1+  1/2-1/2

[Event "Amber-rapid 7th"]
[Site "Monte Carlo"]
[Date "1998.03.20"]
[Round "7"]
[White "Kramnik, Vladimir"]
[Black "Ivanchuk, Vassily"]
[Result "1/2-1/2"]
[WhiteElo "2790"]
[BlackElo "2740"]

1.Nf3 c5 2.c4 Nf6 3.Nc3 d5 4.cxd5 Nxd5 5.d4 Nxc3 6.bxc3 g6 7.e4 Bg7 8.Rb1 O-O
9.Be2 cxd4 10.cxd4 Qa5+ 11.Bd2 Qxa2 12.O-O Bg4 13.Be3 Nc6 14.d5 Na5 15.Bg5 Qa3
16.Bd2 Bc3 17.Bc1 Qd6 18.e5 Qd7 19.Bd2 Bxf3 20.Bxf3 Bxd2 21.Qxd2 Nc4 22.Qe2 b5
23.e6 Qd6 24.exf7+ Kg7 25.Rxb5 Ne5 26.Be4 Rxf7 27.Ra5 Rf6 28.g3 a6 29.Bg2 Raf8
30.Kh1 h5 31.Ra4 Ng4 32.f4 e5 33.dxe6  1/2-1/2

[Event "Amber-rapid 7th"]
[Site "Monte Carlo"]
[Date "1998.03.25"]
[Round "10"]
[White "Lautier, Joel"]
[Black "Kramnik, Vladimir"]
[Result "1/2-1/2"]
[WhiteElo "2645"]
[BlackElo "2790"]

1.d4 Nf6 2.c4 e6 3.Nc3 Bb4 4.e3 O-O 5.Bd3 c5 6.Nf3 d5 7.O-O Nc6 8.a3 Bxc3
9.bxc3 Qc7 10.cxd5 exd5 11.a4 Re8 12.Ba3 c4 13.Bc2 Ne4 14.Bxe4 Rxe4 15.Nd2 Re8
16.e4 dxe4 17.Re1 Bf5 18.Nxc4 Rad8 19.Ne3 Bc8 20.Qh5 Qa5 21.Qxa5 Nxa5 22.d5 b6
23.Bb4 Nb7 24.a5 f5 25.axb6 axb6 26.Ra7 b5 27.g3 Nd6 28.Bxd6 Rxd6 29.Rb1 Bd7
30.Rba1 Rc8 31.Rb7 g5 32.Raa7 Rd8 33.c4 bxc4 34.Nxc4 Rxd5 35.Nb6 Rd1+ 36.Kg2 Be6
37.Rg7+ Kf8 38.Rxh7 e3 39.Kf3 exf2 40.Kxf2 R1d2+ 41.Ke1 Rd1+ 42.Ke2 R1d2+  1/2-1/2

[Event "WCC cand"]
[Site "Cazorla"]
[Date "1998.05.31"]
[Round "6"]
[White "Shirov, Alexei"]
[Black "Kramnik, Vladimir"]
[Result "1/2-1/2"]
[WhiteElo "2710"]
[BlackElo "2790"]

1.e4 e5 2.Nf3 Nf6 3.Nc3 Nc6 4.Bb5 Nd4 5.Bc4 Bc5 6.Nxe5 d5 7.Bxd5 Nxd5 8.Nxd5 O-O
9.c3 Re8 10.cxd4 Bxd4 11.O-O Rxe5 12.d3 c6 13.Nf4 b6 14.Qc2 Rc5 15.Qe2 Ba6
16.Be3 Qd6 17.Rac1 Rxc1 18.Rxc1 Be5  1/2-1/2

[Event "Villarrobledo op"]
[Site "Villarrobledo"]
[Date "1998.08.22"]
[Round "4"]
[White "Kolev, Atanas"]
[Black "Kramnik, Vladimir"]
[Result "1/2-1/2"]
[WhiteElo "2550"]
[BlackElo "2780"]

1.e4 c5 2.Nf3 Nc6 3.d4 cxd4 4.Nxd4 Nf6 5.Nc3 d6 6.Bg5 e6 7.Qd2 a6 8.O-O-O h6
9.Nxc6 bxc6 10.Bf4 d5 11.Qe3 Be7 12.Be2 O-O 13.Qg3 Kh8 14.h4 a5 15.Qe3 Ba6
16.g4 Bxe2 17.Qxe2 Bb4 18.f3 Bxc3 19.bxc3 Qe7 20.g5 Nh5 21.Be5 f6 22.gxf6 Nxf6
23.Rhg1 Qa3+ 24.Kd2 Rad8 25.Ke1 dxe4 26.fxe4 Rxd1+ 27.Qxd1 Qxa2 28.Rg2 Qc4
29.Qd4 Qxd4 30.cxd4 Ra8 31.Bxf6 gxf6 32.Kd2 a4 33.Kc1 Rg8 34.Rf2 Rg1+ 35.Kb2 Kg7
36.Ka3 Ra1+ 37.Kb2 Re1 38.Rf4 h5 39.Ka3 e5 40.dxe5 fxe5 41.Rf5 Rxe4 42.Rxh5 Kg6
43.Rh8 Rc4 44.h5+ Kg7 45.Re8 Kf6 46.h6 Rh4 47.Rc8 e4 48.Rxc6+ Ke5 49.Kb2 e3
50.Kc3 Kd5 51.Ra6 a3 52.Kd3 a2 53.Rxa2 e2 54.Kxe2 Rxh6 55.Kd2 Kc5 56.Ra5+ Kb6
57.Rg5 Rc6 58.Kc1 Rd6 59.Kb2 Rc6 60.c3 Rd6 61.Kb3 Rc6  1/2-1/2

[Event "Villarrobledo op"]
[Site "Villarrobledo"]
[Date "1998.08.22"]
[Round "5"]
[White "Kramnik, Vladimir"]
[Black "San Segundo, Pablo"]
[Result "1-0"]
[WhiteElo "2780"]
[BlackElo "2490"]

1.Nf3 d5 2.d4 Nf6 3.c4 e6 4.Nc3 Bb4 5.Bg5 h6 6.Bxf6 Qxf6 7.Qb3 c5 8.cxd5 exd5
9.e3 O-O 10.dxc5 Bxc3+ 11.bxc3 Qc6 12.Qb4 Be6 13.Nd4 Qc7 14.Be2 Nd7 15.c4 Qxc5
16.Qxc5 Nxc5 17.Nxe6 fxe6 18.cxd5 exd5 19.Bf3 Rad8 20.Rd1 Ne4 21.O-O Nf6
22.Rd4 Rd7 23.Rc1 Rfd8 24.h4 Kf7 25.g4 g5 26.hxg5 hxg5 27.Kg2 Ke6 28.Be2 Rh8
29.Bd3 Kd6 30.Bf5 Rc7 31.Rxc7 Kxc7 32.f4 Rg8 33.Kf3 Kd6 34.fxg5 Rxg5 35.Kf4 Rg8
36.Rd2 Kc5 37.Rc2+ Kd6 38.Rh2  1-0

[Event "Tilburg Fontys"]
[Site "Tilburg"]
[Date "1998.11.04"]
[Round "11"]
[White "Sadler, Matthew"]
[Black "Kramnik, Vladimir"]
[Result "1/2-1/2"]
[WhiteElo "2660"]
[BlackElo "2780"]

1.d4 Nf6 2.c4 e6 3.Nc3 d5 4.Nf3 Be7 5.Bg5 h6 6.Bh4 O-O 7.e3 Ne4 8.Bxe7 Qxe7
9.Rc1 Nxc3 10.Rxc3 c6 11.Bd3 dxc4 12.Rxc4 Nd7 13.O-O e5 14.dxe5 Nxe5 15.Re4 Nxf3+
16.Qxf3 Be6 17.Bc4 Rad8 18.Bxe6 fxe6 19.Qe2 Rd5  1/2-1/2

[Event "WCC cand"]
[Site "Cazorla"]
[Date "1998.??.??"]
[Round "8"]
[White "Shirov, Alexei"]
[Black "Kramnik, Vladimir"]
[Result "1/2-1/2"]
[WhiteElo "2710"]
[BlackElo "2790"]

1.e4 e5 2.Nf3 Nf6 3.Nxe5 d6 4.Nf3 Nxe4 5.Qe2 Qe7 6.d3 Nf6 7.Nc3 Qxe2+ 8.Bxe2 g6
9.Nd4 a6 10.h3 Bg7 11.g4 Bd7 12.Bf3 Nc6 13.Nxc6 Bxc6 14.Bxc6+ bxc6 15.Bd2 h5
16.g5 Nd5 17.Nxd5 cxd5 18.O-O-O Kd7  1/2-1/2

[Event "Hoogovens 5'"]
[Site "Wijk aan Zee"]
[Date "1999.01.18"]
[Round "3"]
[White "Svidler, Peter"]
[Black "Kramnik, Vladimir"]
[Result "1-0"]
[WhiteElo "2713"]
[BlackElo "2751"]

1.e4 c5 2.Nf3 Nc6 3.Bb5 g6 4.Bxc6 dxc6 5.d3 Bg7 6.h3 b6 7.Nc3 Nh6 8.Be3 f6
9.d4 cxd4 10.Nxd4 Bd7 11.Qe2 e5 12.Nf3 Nf7 13.O-O Qe7 14.a4 O-O 15.a5 b5
16.Nd2 Nd8 17.Nb3 Ne6 18.Rfd1 Rfc8 19.f3 Be8 20.Qf2 c5 21.Nd5 Qf8 22.Nc1 f5
23.exf5 gxf5 24.f4 exf4 25.Nxf4 Nxf4 26.Bxf4 Bxb2 27.Rb1 Bg7 28.Rb3 Rc6 29.Re3 Rg6
30.Nd3 Bd4 31.Ne5 Rg7 32.Bh6 f4 33.Rxd4 cxd4 34.Re4 Bg6 35.Rxf4 Qd6 36.Bxg7 Kxg7
37.Nxg6 hxg6 38.Rf7+ Kg8 39.Rf6 Qe7 40.Rxg6+ Kh7 41.Qf5 Rf8 42.Qh5+  1-0

[Event "Amber Rapidplay"]
[Site "Monte Carlo"]
[Date "1999.03.17"]
[Round "2"]
[White "Ljubojevic, Ljubomir"]
[Black "Kramnik, Vladimir"]
[Result "1/2-1/2"]
[WhiteElo "2571"]
[BlackElo "2751"]

1.c4 c5 2.Nf3 Nf6 3.Nc3 d5 4.cxd5 Nxd5 5.g3 Nc6 6.Bg2 Nc7 7.d3 e5 8.O-O Be7
9.Nd2 O-O 10.Nc4 f6 11.f4 exf4 12.gxf4 Be6 13.f5 Bf7 14.Qb3 b5 15.Bxc6 bxc4
16.dxc4 Rb8 17.Qa4 Qd4+ 18.Kh1 Rb4 19.Qd1 Bxc4 20.Bf4 Rb6 21.Bg2 Nb5 22.Na4 Ra6
23.b3 Bf7 24.Bb7 Ra5 25.Qd2 Nd6 26.Bg2 Ra6 27.Be3 Qxd2 28.Bxd2 Rc8 29.Rfc1 c4
30.Bb4 cxb3 31.axb3 Bxb3 32.Nc5 Rxa1 33.Rxa1 Bf7 34.e4 Nb7 35.Na6 Bxb4 36.Nxb4 a5
37.Nd3 Rd8 38.Nf2 Rd7 39.Bf1 Bb3 40.Bb5 Rc7 41.Ra3 Bc2 42.Kg2 Rc5 43.Bd3 Nd6
44.Kf3 Bxd3 45.Nxd3 Rb5 46.Ra4 Kf7 47.h4 g6 48.fxg6+ hxg6 49.Kf4 Ke7 50.e5 fxe5+
51.Nxe5  1/2-1/2

[Event "Amber Rapidplay"]
[Site "Monte Carlo"]
[Date "1999.03.19"]
[Round "4"]
[White "Kramnik, Vladimir"]
[Black "Van Wely, Loek"]
[Result "1/2-1/2"]
[WhiteElo "2751"]
[BlackElo "2632"]

1.Nf3 Nf6 2.c4 c5 3.Nc3 d5 4.cxd5 Nxd5 5.d4 Nxc3 6.bxc3 g6 7.e3 Bg7 8.Bd3 O-O
9.O-O Qc7 10.Qe2 Nc6 11.Ba3 b6 12.Rab1 Rd8 13.Be4 Bb7 14.dxc5 Bxc3 15.Rfc1 Bf6
16.h4 Qd7 17.Ng5 Ne5 18.Rd1 Qc7 19.f4 Bxe4 20.Nxe4 Nd7 21.Nxf6+  1/2-1/2

[Event "Amber Blindfold"]
[Site "Monte Carlo"]
[Date "1999.03.21"]
[Round "5"]
[White "Kramnik, Vladimir"]
[Black "Shirov, Alexei"]
[Result "1/2-1/2"]
[WhiteElo "2751"]
[BlackElo "2726"]

1.Nf3 c5 2.c4 Nf6 3.Nc3 d5 4.cxd5 Nxd5 5.d4 Nxc3 6.bxc3 g6 7.e4 Bg7 8.Rb1 O-O
9.Be2 cxd4 10.cxd4 Qa5+ 11.Bd2 Qxa2 12.O-O Bg4 13.Be3 Nc6 14.d5 Na5 15.Bg5 Qa3
16.Bd2 Bc3 17.Bc1 Qd6 18.e5 Qd7 19.Bd2 Rfc8 20.Bxc3 Rxc3 21.Qd4 Bxf3 22.Bxf3 Rc4
23.Qe3 b6 24.e6 Qd6 25.exf7+ Kg7 26.Rfe1 Rf8 27.Qxe7 Qxe7 28.Rxe7 Rxf7 29.d6 Rd4
30.Rc1 Rxd6 31.Rxf7+ Kxf7 32.Rc7+ Kg8 33.Rxa7 Nc6 34.Rb7 Nd4 35.Be4 Ne6 36.g3 Nc5
37.Rb8+ Kg7 38.Bf3 Rf6 39.Be2 Ne4 40.Rb7+ Rf7 41.Rxb6 Nxf2 42.Bc4 Rc7 43.Kxf2  1/2-1/2

[Event "Amber Rapidplay"]
[Site "Monte Carlo"]
[Date "1999.03.21"]
[Round "5"]
[White "Shirov, Alexei"]
[Black "Kramnik, Vladimir"]
[Result "1/2-1/2"]
[WhiteElo "2726"]
[BlackElo "2751"]

1.e4 e5 2.Nf3 Nf6 3.Nxe5 d6 4.Nf3 Nxe4 5.d4 d5 6.Bd3 Nc6 7.O-O Be7 8.c4 Nb4
9.Be2 O-O 10.Nc3 Bf5 11.a3 Nxc3 12.bxc3 Nc6 13.Re1 Bf6 14.Bf4 Rc8 15.cxd5 Qxd5
16.Nd2 Qd7 17.Nb3 Rce8 18.Nc5 Qc8 19.Qa4 a5 20.Bf3 Rxe1+ 21.Rxe1 Nd8 22.Ne4 Bxe4
23.Rxe4 b6 24.Qc4 Ne6 25.Bg4 Qb7 26.Bf3 b5 27.Qe2 Nxf4 28.Rxf4 Qb6 29.Rf5 b4
30.axb4 axb4 31.Rb5 Qa6 32.Rxb4 Qa1+  1/2-1/2

[Event "Amber Blindfold"]
[Site "Monte Carlo"]
[Date "1999.03.24"]
[Round "8"]
[White "Karpov, Anatoly"]
[Black "Kramnik, Vladimir"]
[Result "1/2-1/2"]
[WhiteElo "2710"]
[BlackElo "2751"]

1.d4 Nf6 2.c4 e6 3.Nf3 d5 4.g3 dxc4 5.Bg2 Nc6 6.Qa4 Bb4+ 7.Bd2 Nd5 8.Bxb4 Nxb4
9.a3 b5 10.Qd1 Nd5 11.e4 Nb6 12.Nc3 a6 13.O-O O-O 14.Qd2 Bb7 15.Rad1 Qe7
16.h4 Rad8 17.Qe3 b4 18.axb4 Nxb4 19.Rd2 Nd3 20.Rfd1 a5 21.Ne5 Nb4 22.Bf1 Ba6
23.h5 f6 24.Nf3 Bb7 25.Ra1 a4 26.Be2 Bc6 27.Rad1 Ra8 28.Ra1 Ra5 29.Ne1 Bb7
30.Ra3 h6 31.g4 Rd8 32.Na2 Nxa2 33.Rxa2 c5 34.Nf3 cxd4 35.Nxd4 Raa8 36.Ra1 Qc5
37.Rad1 a3 38.bxa3 Rd6 39.Nc2 Qxe3 40.Nxe3 Rxd2 41.Rxd2 Bxe4 42.Rd6 Nd5 43.Rxe6 Nf4
44.Rxe4 Nxe2+ 45.Kf1 Nc3 46.Rxc4 Rxa3 47.Rc8+ Kh7 48.Rc7 Nb5 49.Rb7 Nd6 50.Rd7 Ra6
51.Nd5 Kg8 52.Ne7+ Kf8 53.Ng6+ Kg8 54.Kg2 Nf7 55.f4 Ra8 56.Kf3 Re8 57.Ne7+ Kf8
58.Nf5 Rd8 59.Ra7 Re8 60.Nh4 Nh8 61.Rc7 Re7 62.Rc5 Re8 63.Rc3 Nf7 64.Ng6+ Kg8
65.Rc7 Nh8 66.Re7 Rxe7 67.Nxe7+ Kf7 68.Nf5 Kf8 69.Ke4 Nf7 70.Kd5 Nd8  1/2-1/2

[Event "Amber Rapidplay"]
[Site "Monte Carlo"]
[Date "1999.03.28"]
[Round "11"]
[White "Lautier, Joel"]
[Black "Kramnik, Vladimir"]
[Result "1/2-1/2"]
[WhiteElo "2596"]
[BlackElo "2751"]

1.d4 Nf6 2.c4 e6 3.Nf3 d5 4.Nc3 Be7 5.Bg5 h6 6.Bh4 O-O 7.e3 Ne4 8.Bxe7 Qxe7
9.Rc1 Nxc3 10.Rxc3 c6 11.Bd3 Nd7 12.O-O e5 13.dxe5 dxc4 14.Bxc4 Nxe5 15.Nxe5 Qxe5
16.Qb3 b5 17.Be2 Be6 18.Qc2 Bd5 19.Bf3 Bxf3 20.gxf3 Qg5+ 21.Kh1 Qh5 22.Qe4 Rae8
23.Qxc6 Re6 24.Qb7 Re7 25.Qc6 Re6 26.Qb7 Re7  1/2-1/2

[Event "Amber Blindfold"]
[Site "Monte Carlo"]
[Date "1999.03.28"]
[Round "11"]
[White "Kramnik, Vladimir"]
[Black "Lautier, Joel"]
[Result "1/2-1/2"]
[WhiteElo "2751"]
[BlackElo "2596"]

1.Nf3 d5 2.d4 e6 3.c4 dxc4 4.e3 Nf6 5.Bxc4 c5 6.Qe2 cxd4 7.exd4 Be7 8.O-O Nc6
9.Rd1 O-O 10.Nc3 Na5 11.Bd3 b6 12.Bg5 Bb7 13.Ne5 Rc8 14.Rac1 Nd5 15.Qh5 g6
16.Nxg6 fxg6 17.Bxg6 hxg6 18.Qxg6+ Kh8 19.Qh5+ Kg8 20.Qg6+ Kh8 21.Rd3 Bxg5
22.Rh3+ Bh4 23.Qh6+ Kg8 24.Qg6+  1/2-1/2

[Event "Siemens Giants"]
[Site "Frankfurt"]
[Date "1999.07.01"]
[Round "9"]
[White "Kramnik, Vladimir"]
[Black "Karpov, Anatoly"]
[Result "1-0"]
[WhiteElo "2751"]
[BlackElo "2710"]

1.d4 d5 2.c4 dxc4 3.Nf3 Nf6 4.e3 e6 5.Bxc4 c5 6.O-O a6 7.dxc5 Qxd1 8.Rxd1 Bxc5
9.Nbd2 b6 10.Be2 Nbd7 11.Nc4 Bb7 12.b3 Ke7 13.Bb2 Rhd8 14.Ne1 b5 15.Na5 Be4
16.Bf3 Bxf3 17.gxf3 Rdc8 18.Nd3 Rab8 19.Nxc5 Rxc5 20.Rac1 Ke8 21.Bd4 Rxc1
22.Rxc1 Ra8 23.Kf1 e5 24.Bb2 Nd5 25.Rd1 Ne7 26.Nb7 Nc8 27.Rc1 f6 28.Ba3 a5
29.Rc7 b4 30.Bc1 Na7 31.Nd6+ Kd8 32.Rb7 Nc8 33.Nc4 a4 34.Bd2 axb3 35.axb3 Ra7
36.Rxa7 Nxa7 37.Bxb4 Kc7 38.Ke2 Kc6 39.Kd3 g6 40.Be7 Nc8 41.Bd8 Kb5 42.Kc3 Na7
43.Nd6+ Kc6 44.Ne4 f5 45.Ng5 h5 46.e4 Nb5+ 47.Kc4 Nd4 48.b4 Nb5 49.Be7 Nd4
50.f4 Nb5 51.exf5 gxf5 52.Nf7 exf4  1-0

[Event "Zurich clock sim"]
[Site "Zurich"]
[Date "1999.09.03"]
[Round "?"]
[White "Jenni, Florian"]
[Black "Kramnik, Vladimir"]
[Result "1/2-1/2"]
[WhiteElo "2399"]
[BlackElo "2760"]

1.e4 e6 2.d4 d5 3.Nc3 Nf6 4.Bg5 dxe4 5.Nxe4 Be7 6.Bxf6 Bxf6 7.Nf3 O-O 8.c3 Nd7
9.Bd3 e5 10.Nxf6+ Qxf6 11.dxe5 Nxe5 12.Nxe5 Qxe5+ 13.Qe2 Re8 14.O-O-O Qg5+
15.Qd2 Qa5 16.Bc4 Be6 17.Bxe6 Rxe6 18.Qd8+ Re8 19.Qd5 Qxd5 20.Rxd5 Rad8 21.Rhd1 Rxd5
22.Rxd5 Kf8 23.Kd2 Ke7 24.Ke3 f6 25.Rd4 Rb8 26.Kf4 b5 27.h4 c6 28.g4 g6 29.f3 a5
30.g5 Rf8 31.Kg4 Ke6 32.c4 Ke5 33.Re4+ Kd6 34.Kg3 Rf7 35.cxb5 cxb5 36.Rd4+ Ke5
37.Rf4 f5 38.h5 Re7 39.Rh4 a4 40.f4+ Kd5 41.hxg6 hxg6 42.a3 Re4 43.Rh6 Re6
44.Rh4 Re4 45.Rh6  1/2-1/2

[Event "Zurich clock sim"]
[Site "Zurich"]
[Date "1999.09.03"]
[Round "?"]
[White "Kramnik, Vladimir"]
[Black "Gallagher, Joseph G"]
[Result "1/2-1/2"]
[WhiteElo "2760"]
[BlackElo "2521"]

1.d4 Nf6 2.c4 g6 3.Nc3 Bg7 4.e4 d6 5.Nf3 O-O 6.Be2 e5 7.O-O Na6 8.Re1 c6
9.Rb1 exd4 10.Nxd4 Nc5 11.f3 a5 12.Be3 a4 13.Nc2 Qe7 14.Qd2 Be6 15.Rbd1 Ne8
16.Bd4 f6 17.Bf1 Qf7 18.Ne3 Nd7 19.Ne2 Bh6 20.f4 Nc5 21.Qc2 f5 22.exf5 gxf5
23.g3 Ne4 24.b3 axb3 25.axb3 c5 26.Bb2 Bg7 27.Bxg7 Qxg7 28.Bg2 N8f6 29.Nc3 Nxc3
30.Qxc3 Rad8 31.Rd2 Ne4 32.Qxg7+ Kxg7 33.Bxe4 fxe4 34.Red1 Bh3 35.Kf2 Ra8
36.Rb1 Ra6 37.Nd5 Rfa8 38.Nc3 Bf5 39.Ke3 Ra1 40.g4 Rxb1 41.Nxb1 Ra1 42.Nc3 Re1+
43.Kf2 e3+ 44.Kxe1 exd2+ 45.Kxd2 Bxg4 46.Ne4 b6 47.Kc3 Bd7 48.b4 cxb4+ 49.Kxb4 Kf7
50.Nxd6+ Ke6 51.Ne4 Kf5 52.Nc3 Kxf4 53.Nd5+ Kf3 54.Nxb6 Be8 55.Nd5 Bf7 56.Kc5 Ke4
57.Nf6+ Kf3 58.Nd5 Ke4 59.Nf6+ Kf3 60.Kd4 Bxc4 61.Kxc4 Kg2 62.h4  1/2-1/2

[Event "Zurich clock sim"]
[Site "Zurich"]
[Date "1999.09.03"]
[Round "?"]
[White "Bucher, Denis"]
[Black "Kramnik, Vladimir"]
[Result "1/2-1/2"]
[WhiteElo "2329"]
[BlackElo "2760"]

1.e4 c5 2.Nf3 Nc6 3.d4 cxd4 4.Nxd4 Nf6 5.Nc3 e5 6.Ndb5 d6 7.Bg5 a6 8.Na3 b5
9.Bxf6 gxf6 10.Nd5 f5 11.Bd3 Be6 12.O-O Bxd5 13.exd5 Ne7 14.c3 Bg7 15.Qh5 e4
16.Bc2 Qc8 17.Bb3 O-O 18.Nc2 a5 19.a3 Re8 20.Rae1 Ng6 21.f4 exf3 22.Rxe8+ Qxe8
23.Qxf3 f4 24.Re1 Qd8 25.Qg4 Qb6+ 26.Kh1 Kh8 27.Qe2 Rg8 28.Rf1 Qb8 29.Qf2 Re8
30.Re1 Bf6 31.Re2 Kg8 32.Qe1 Rxe2 33.Qxe2 Qb6 34.Qd2 Be5 35.Qe2 Kf8 36.Qe1 Ne7
37.Qg1 Qb7 38.Qd1 Qb6 39.Qg1 Qb7 40.Qd1 Qb6  1/2-1/2

[Event "Corus"]
[Site "Wijk aan Zee NED"]
[Date "2000.01.25"]
[Round "9"]
[White "Kramnik,V"]
[Black "Piket,Je"]
[Result "1/2-1/2"]
[WhiteElo "2758"]
[BlackElo "2633"]

1.d4 Nf6 2.c4 g6 3.Nc3 Bg7 4.e4 d6 5.Nf3 O-O 6.Be2 c5 7.d5 e6 8.O-O Re8 9.Bf4 exd5
10.exd5 Bg4 11.h3 Bxf3 12.Bxf3 a6 13.g4 Qb6 14.Qc2 h6 15.b3 Nbd7 16.Bg2 Re7
17.Rae1 Rae8 18.Rxe7 Rxe7 19.Kh1 Ne8 20.Bd2 Qd8 21.a4 Nef6 22.f4 Re8 23.Qd3 Nh7
24.Kh2 Qe7 25.Re1 Qd8 26.Rxe8+ Qxe8 27.a5 Nhf6 28.Bf3 Qe7 29.Qe2 Qd8 30.Nd1 Ne8
31.Nf2 Kf8 32.g5 hxg5 33.fxg5 Bd4 34.Ne4 b6 35.axb6 Qxb6 36.Qd1 Ne5 37.Be2 Ng7
38.Ng3 Bf2 39.Ne4  1/2-1/2

[Event "Corus"]
[Site "Wijk aan Zee NED"]
[Date "2000.01.30"]
[Round "13"]
[White "Van Wely,L"]
[Black "Kramnik,V"]
[Result "1/2-1/2"]
[WhiteElo "2646"]
[BlackElo "2758"]

1.d4 Nf6 2.c4 e6 3.Nf3 b6 4.g3 Ba6 5.b3 Bb4+ 6.Bd2 Be7 7.Bg2 c6 8.Bc3 d5
9.Nbd2 Nbd7 10.O-O O-O 11.Re1 c5 12.e4 dxe4 13.Nxe4 Nxe4 14.Rxe4 Bb7 15.Re3 Nf6
16.Ne5 cxd4 17.Bxd4 Qc7 18.Bxb7 Qxb7 19.Qf3 Qxf3 20.Rxf3 Rac8 21.Rd1 Rfd8
22.Rfd3 Kf8  1/2-1/2

[Event "Amber Rapidplay"]
[Site "Monaco MNC"]
[Date "2000.03.17"]
[Round "2"]
[White "Kramnik,V"]
[Black "Gelfand,B"]
[Result "1/2-1/2"]
[WhiteElo "2758"]
[BlackElo "2692"]

1.Nf3 c5 2.c4 Nc6 3.d4 cxd4 4.Nxd4 e6 5.Nb5 Nf6 6.Bf4 Bb4+ 7.N1c3 O-O 8.Bd6 Bxd6
9.Nxd6 Ne8 10.e3 Qb6 11.Rb1 Ne5 12.Nxe8 Rxe8 13.Be2 d6 14.O-O Bd7 15.Qd2 Rad8
16.Rfd1 Bc6 17.b4 d5 18.c5 Qc7 19.Nb5 Bxb5 20.Bxb5 Ng4 21.g3 Rf8 22.Rbc1 Nf6
23.Bd3 Rc8 24.Qb2 Qe7 25.a4 a5 26.bxa5 Rxc5 27.Rxc5 Qxc5 28.Qxb7 Qxa5 29.Qb5 Ra8
30.Qxa5 Rxa5 31.Rc1 g5 32.Bb5 Ne4 33.Rc6 Ra7 34.f3 Nf6 35.g4 h5 36.h3 hxg4
37.hxg4 Kg7 38.Kf2 Nd7 39.Kg3 Ne5 40.Rc5 Kf6 41.f4 Ng6 42.Rc6 Ne7 43.Rc1 Ng6
44.Ra1 Ra5 45.Rf1 gxf4+ 46.exf4 Ra7 47.g5+ Kg7 48.f5 exf5 49.Rxf5 Ne7 50.Rf6 Rc7
51.Kf4 Rc2 52.Ke3 Ng6 53.a5 Ra2 54.a6 Nf8 55.Be8 d4+ 56.Kd3 Ra3+ 57.Kc2 d3+
58.Kd2 Ne6 59.Rxf7+ Kg8 60.a7 Ng7  1/2-1/2

[Event "Amber Rapidplay"]
[Site "Monaco MNC"]
[Date "2000.03.18"]
[Round "3"]
[White "Ivanchuk,V"]
[Black "Kramnik,V"]
[Result "1-0"]
[WhiteElo "2709"]
[BlackElo "2758"]

1.c4 c5 2.Nf3 Nf6 3.Nc3 d5 4.cxd5 Nxd5 5.d4 Nxc3 6.bxc3 g6 7.e4 Bg7 8.Rb1 O-O
9.Be2 cxd4 10.cxd4 Qa5+ 11.Bd2 Qxa2 12.O-O Bg4 13.Be3 Nc6 14.Rxb7 e6 15.d5 exd5
16.exd5 Ne5 17.d6 a5 18.h3 Be6 19.Nxe5 Bxe5 20.Bf3 Rad8 21.d7 a4 22.Bc5 a3
23.Re1 f6 24.Re2 Qc4 25.Bxa3 Rf7 26.Rd2 Qa6 27.Bc1 Bf4 28.Rd4 Be5 29.Rd3 Qa1
30.Bc6 Qa6 31.Be4 Bf5 32.Bxf5 gxf5 33.Qf3 Qa1 34.Rd1 Qa4 35.Bh6 Rfxd7 36.Rbxd7 Rxd7
37.Rc1 Qe4 38.Rc8+ Kf7 39.Qh5+ Ke6 40.Qe8+ Re7 41.Qg8+ Kd7 42.Rc1 Bc7 43.Rd1+ Kc6
44.g3 Kb7 45.Ra1 Kb6 46.Be3+ Kc6 47.Qa8+ Kd7 48.Rd1+ Bd6 49.Qf8 Qc2 50.Rd4 Qb1+
51.Kh2 Kc7 52.Rc4+  1-0

[Event "Amber Blindfold"]
[Site "Monaco MNC"]
[Date "2000.03.18"]
[Round "3"]
[White "Kramnik,V"]
[Black "Ivanchuk,V"]
[Result "1-0"]
[WhiteElo "2758"]
[BlackElo "2709"]

1.Nf3 Nf6 2.c4 g6 3.Nc3 Bg7 4.e4 d6 5.d4 O-O 6.Be2 e5 7.O-O Nc6 8.d5 Ne7
9.b4 Nh5 10.Re1 f5 11.Ng5 Nf6 12.f3 Kh8 13.Be3 Ne8 14.Rc1 c6 15.c5 Ng8 16.exf5 gxf5
17.f4 Ne7 18.cxd6 Nxd6 19.dxc6 Nxc6 20.Bc5 exf4 21.Bxd6 Qxg5 22.Bxf8 Bxf8
23.Bf3  1-0

[Event "Amber Rapidplay"]
[Site "Monaco MNC"]
[Date "2000.03.22"]
[Round "6"]
[White "Kramnik,V"]
[Black "Van Wely,L"]
[Result "0-1"]
[WhiteElo "2758"]
[BlackElo "2646"]

1.d4 Nf6 2.c4 e6 3.Nf3 d5 4.Nc3 dxc4 5.e4 Bb4 6.Bg5 c5 7.Bxc4 cxd4 8.Nxd4 Bxc3+
9.bxc3 Qa5 10.Bb5+ Bd7 11.Bxf6 gxf6 12.Qb3 a6 13.Be2 Nc6 14.O-O Qc7 15.Rab1 Na5
16.Qa3 Rc8 17.c4 Nxc4 18.Bxc4 Qxc4 19.Rfd1 Qc3 20.Qd6 Qc7 21.Qb4 Rg8 22.Qd2 Rg5
23.h3 Ba4 24.Rdc1 Rc5 25.Ne2 Rxc1+ 26.Rxc1 Bc6 27.Ng3 Rd8 28.Qh6 Qe5 29.Qxh7 Rd2
30.Qh8+ Ke7 31.Qh6 Qb2 32.Rf1 Bb5 33.e5 Bxf1 34.Qxf6+ Ke8 35.Nxf1 Rd1 36.Qh8+ Kd7
37.Qf6 Qb5 38.Qxf7+ Kd8 39.Qf8+ Kc7 40.Kh2 Qxf1 41.Qe7+ Rd7 42.Qc5+ Kb8 43.Qf8+ Ka7
44.Qc5+ b6 45.Qc6 Rf7 46.f3 Rg7  0-1

[Event "Amber Blindfold"]
[Site "Monaco MNC"]
[Date "2000.03.23"]
[Round "7"]
[White "Kramnik,V"]
[Black "Lautier,J"]
[Result "1/2-1/2"]
[WhiteElo "2758"]
[BlackElo "2632"]

1.d4 d5 2.c4 e6 3.Nf3 c6 4.e3 Nf6 5.Bd3 Nbd7 6.O-O Be7 7.Nc3 dxc4 8.Bxc4 b5
9.Bd3 b4 10.Ne4 Bb7 11.Nxf6+ Nxf6 12.e4 O-O 13.Qe2 c5 14.dxc5 Nd7 15.c6 Bxc6
16.Rd1 Nc5 17.Ne5 Bb7 18.Bf4 Qa5 19.Nc4 Qa6 20.Nd6 Nxd3 21.Nxb7 Qxb7 22.Rxd3 Rfd8
23.Rad1 Rxd3 24.Rxd3 Rd8 25.Rxd8+ Bxd8 26.Qd3 Be7 27.Kf1 h6 28.Qc4 Qd7 29.Ke2 a5
30.Be3 Bf6 31.b3 Qd6 32.g3 Qe5 33.Qc8+ Kh7 34.Qc2 Kg8 35.Qc8+ Kh7 36.Qc2 Kg8  1/2-1/2

[Event "Amber Blindfold"]
[Site "Monaco MNC"]
[Date "2000.03.24"]
[Round "8"]
[White "Ljubojevic,L"]
[Black "Kramnik,V"]
[Result "0-1"]
[WhiteElo "2559"]
[BlackElo "2758"]

1.d4 Nf6 2.c4 e6 3.Nc3 Bb4 4.Qc2 O-O 5.a3 Bxc3+ 6.Qxc3 b6 7.Bg5 d6 8.f3 Nbd7
9.e4 c5 10.dxc5 bxc5 11.Nh3 h6 12.Bxf6 Nxf6 13.O-O-O e5 14.g4 Rb8 15.Nf2 Rb6
16.Rd2 Qe7 17.Nd1 Be6 18.Bd3 Rfb8 19.Bc2 Qb7 20.Re1 Nh7 21.Re3 Qa6 22.Bd3 Bd7
23.Bf1 Ng5 24.Red3 Ne6 25.Ne3 Nd4 26.Nd5 Rb3  0-1

[Event "Amber Rapidplay"]
[Site "Monaco MNC"]
[Date "2000.03.27"]
[Round "10"]
[White "Kramnik,V"]
[Black "Shirov,A"]
[Result "1/2-1/2"]
[WhiteElo "2758"]
[BlackElo "2751"]

1.d4 d5 2.c4 c6 3.Nf3 Nf6 4.Nc3 dxc4 5.a4 Bf5 6.Ne5 e6 7.g3 Bb4 8.Bg2 Ne4
9.Bxe4 Bxe4 10.O-O Bg6 11.Nxc4 O-O 12.Qb3 a5 13.Rd1 Nd7 14.Bf4 Qe7 15.Na2 Rfd8
16.Nxb4 Qxb4 17.Qc3 c5 18.Qxb4 axb4 19.dxc5 Nxc5 20.Nb6 Bc2 21.Rdc1 Nb3 22.Nxa8 Nxa1
23.Nb6 Rd1+ 24.Rxd1 Bxd1 25.Kf1 Nc2 26.Bd6 Nd4 27.Ke1 Bxe2 28.Bc5 Nb3 29.Bxb4 Bf3
30.Nc4 f6 31.Nd2  1/2-1/2